00960nam a2200253 a 450000100060000000300080000600500170001400800410003103500190007204000320009104100080012308200220013110000270015324500520018026000360023230000200026850000190028865000410030765100590034894200120040799900170041995201340043695201360057042596BD-RjUL20211209053549.0160614s1966 enk b 000 0 eng  a(BD-RjUL)42714 aDLCcDLCdDLCdBD-RjULbeng aeng00a330223bROE 19661 aRobinson, Joan913090010aEconomics :ban awkward corner /cJoan Robinson aLondon :bAllen & Unwin,c1966. a94 p. ;c18 cm. aIncludes Index 0aEconomic historyy1945-1971.9130691 0aGreat BritainxEconomic conditionsy1945-1964.9130693 2ddccBK c42596d42596 00102ddc40708NFICaRUCLbRUCLcStackd1968-06-09eZaittengerg8.00l0o330 ROE 1966r2016-06-14 00:00:00tC-2w2016-06-14yBK 00102ddc40718NFICaRUCLbRUCLcReadingd1968-06-09eZaittengerg8.00l0o330 ROE 1966r2016-12-15 00:00:00tC-1w2016-12-15yBK